000
00227nam a2200097Ia 4500
008
170619s9999 xx 000 0 und d
100
_a
Meriam- J.L
245
0
_a
Engineering Mechanics Dynamics
260
_b
WILEY INDIA
260
_c
2012
546
_a
ENGLISH
999
_c
21129
_d
21129